000 00303nam a22001097a 4500
008 160418b xxu||||| |||| 00| 0 eng d
020 _a9781416058960
041 _aeng
080 _a618
245 _aMaternal Child Nursing:
_cEmily Slone Mekinney; Susan Rowen James; Sharon Smith Murray;
942 _2udc
_cBK
999 _c1422
_d1422